000 01092nam a2200253Ia 4500
001 232.9-BRO ra na (1400)
003 IT-MiSPE
008 171229s9999||||xx |||||||||||||| ||und||
040 _aIT-MiSPE
_cIT-MiSPE
041 _aITALIANO
100 _aRaymond Deville
240 _aThe birth of the Messiah
245 0 _aLa nascita del messia secondo Matteo e Luca
250 _a1a ed. (v)
260 _aAssisi
_bCittadella
_c1981
300 _a797 p.
_c20 cm
490 _aCommenti e studi biblici
500 _aVangeli dell'infanzia
501 _aEdizioni San Paolo srl - Piazza Soncino, 5 - 20092 CINISELLO BALSAMO (MI) (non commercial uses only) ® Copyright 2018
700 _aGiampaolo Natalini
_g(traduzione)
942 _cBK
957 _71
999 _a9053
_bNO
_g Copie: 1
_c340907
_d340907